| 000 | 00326nam a22001217a 4500 | ||
|---|---|---|---|
| 008 | 230627b xxu||||| |||| 00| 0 eng d | ||
| 020 | _a9982260170 | ||
| 082 |
_a338.9 _bKAR 2003 |
||
| 245 | _aImplications of the COMESA Free Trade Area and Proposed Customs Union: | ||
| 260 |
_bCOMESA _c2002 |
||
| 300 | _a193p | ||
| 942 |
_2ddc _cBK |
||
| 999 |
_c2904 _d2904 |
||